Las grandes tesis de la filosofía tomista

Saved in:
Bibliografiske detaljer
Hovedforfatter: Sertillanges, A. D (Author)
Format: Bog
Sprog:spansk
Udgivet: Buenos Aires Ediciones Desclée de Brouwer 1948
Udgivelse:1a. ed
Fag:
Tags: Tilføj Tag
Ingen Tags, Vær først til at tagge denne postø!

MARC

LEADER 00000cam a2200000 a 4500
001 UCE8047
003 CL-VaPUC
008 150728e19480000ag |||||||||||||||||spa|d
082 0 4 |a 189.4  |b SER  |2 21 
100 0 |a Sertillanges, A. D  |e author  |9 580725 
245 1 4 |a Las grandes tesis de la filosofía tomista 
250 |a 1a. ed 
300 |a 269 p 
942 |c BK 
945 |d 20150728 02:04:00  |a dcastane 
260 |a Buenos Aires  |b Ediciones Desclée de Brouwer  |c 1948 
600 0 |a Tomás de Aquino  |d 1220-1274  |c Santo  |9 255832 
650 0 |a Filosofía tomista   |9 373993 
650 0 |a Filosofía medieval  |9 256245 
583 |a last modification  |c 20150728 02:04:00  |k Rodrigo Vera 
999 |c 360003  |d 360001 
952 |0 0  |1 0  |3 erb  |4 0  |6 189_400000000000000_SER_1948  |7 0  |8 P  |9 469628  |a BIBTEO  |b BIBTES  |c TEO_FTES  |e Villagrán Garnham, Jorge  |i 518617K  |o 189.4 SER 1948  |p 518617K  |r 2024-01-18  |w 2019-11-23  |y BK  |z Catalogado en:20150728  |k ICR